Najbardziej zalesione państwa Europy - Statystyki

Ogólne statystyki
  • Ten quiz został rozwiązany 9 429 razy
    9 203 od ostatniego zresetowania
  • Średni wynik to 6 z 10
Statystyki odpowiedzi
% Państwo % Poprawnych
66,2 Finlandia
93%
61,4 Szwecja
93%
54,8 Rosja
92%
55,3 Estonia
77%
54,3 Łotwa
76%
60,6 Słowenia
50%
53,9 Bośnia i Hercegowina
35%
52 Czarnogóra
31%
50,3 Liechtenstein
31%
56,1 Andora
29%
Nie znaleziono quizów pasujących do podanych kryteriów
Rozkład punktacji
Procent ludzi z każdym wynikiem
Percentyl według liczby udzielonych odpowiedzi
Twoja historia wyników
Nie rozwiązałeś tego quizu od ostatniego zresetowania